000 00545nam a2200169Ia 4500
003 GCL
008 140319s9999 xx 000 0 ara d
040 _aGCL /
_cGCL
082 0 4 _a239
_bخ ع
100 1 _aخالد محمد خالد
245 1 0 _aعشرة ايام فى حياة الرسول /
_cخالد محمد خالد
300 _a191 ص
490 _aالهيئة العامة للاستعلامات
_v0
650 0 4 _aالسيرة النبوية
650 0 4 _aالرسول محمد صلى الله عليه وسلم
942 _2ddc
_cBK
999 _c48039
_d48039